000 00307nam a2200121Ia 4500
008 231129s9999||||xx |||||||||||||| ||spa||
040 _bspa
082 _a364.157 V443g
100 _aVeloza Gustavo
245 0 _aLa guerra entre los carteles del narcotrafico
264 _aG.S. Editores
942 _2ddc
_cBKS
999 _c17267
_d17267